Country quiz - Statistics

General Stats
  • This quiz has been taken 15 times
  • The average score is 12 of 20
Answer Stats
Question Answer % Correct
Which country shares the island of Borneo with Malaysia and Brunei? Indonesia
87%
Which country has Jakarta as its capital city? Indonesia
87%
Which country is home to the world's largest archipelago? Indonesia
80%
Which country has the largest Muslim population in the world? Indonesia
80%
Which country’s currency is the Rupiah? Indonesia
80%
Which country is famous for the island of Bali? Inodnesia
80%
Which country has a province called Papua? Indonesia
73%
Which country’s national language is Bahasa Indonesia? Indonesia
67%
Which country celebrates Independence Day on August 17th? Indonesia
67%
Which country is home to Lake Toba, the largest volcanic lake in the world? Indonesia
67%
Which country’s national motto is “Bhinneka Tunggal Ika” (Unity in Diversity)? Indonesia
67%
Which country has a traditional dance called the Saman Dance? Indonesia
67%
Which country has a region called Yogyakarta known for its cultural heritage? Indonesia
67%
Which country’s traditional puppet theater is called Wayang Kulit? Indonesia
67%
Which country is famous for its traditional batik fabric? Indonesia
60%
Which country is home to Borobudur, the world’s largest Buddhist temple? Indonesia
53%
Which country is the world’s largest producer of palm oil? Indonesia
53%
Which country is part of the Ring of Fire and has over 130 active volcanoes? Indonesia
20%
What city is famously associated with weather, grunge music, and the Museum of Pop Culture Bali
13%
Which country is known for the Komodo dragon? India
7%
No matching quizzes found
Score Distribution
Percent of People with Each Score
Percentile by Number Answered
Your Score History
You have not taken this quiz